000 00492nam a2200169Ia 4500
999 _c12672
_d12672
003 OSt
005 20201023111728.0
008 190216s9999||||xx |||||||||||||| ||und||
040 _coclc
082 _a823.912
_bCON/V
100 _aConrad, Joseph
_94795
245 0 _aVictory An Island Tale /
_cConrad Joseph
260 _bOxford University Press,
_c1960.
_aBritain:
300 _a327p
650 _aEnglish Stories
942 _cBK
_2ddc
_h823.912
_iCON/V
_k823.912
_mCON/V